00490 2200193 4500001002100000005001500021008004100036020001800077035001900095041000700114082000800121090001400129100003400143245003800177250000600215260002800221300003200249650001500281INLIS00000000000226620241224112515241224||||||||| | ||| |||| || |  a979-781-824-1 0010-1224002266 aen0 a530 a530 RON f0 aRonald Gautreau William Savin00aTeori dan Soal-soal Fisika Modern a2 aJakartaberlanggac2006 ax, 278 hlm.; ilus.: 28,5 cm 0aIlmu Murni